Problem Solving Techniques/ (Record no. 207628)

MARC details
000 -LEADER
fixed length control field 00587nam a22001817a 4500
010 ## - LCCN (DPL NO)
LC control number ENG-143041
020 ## - INTERNATIONAL STANDARD BOOK NUMBER
International Standard Book Number 9789389146271
Terms of availability 225.00
035 ## - SYSTEM CONTROL NUMBER
System control number EN-126573
037 ## - SOURCE OF ACQUISITION
Source of stock number/acquisition DBAD
082 ## - DEWEY DECIMAL CLASSIFICATION NUMBER
Classification number 361.1
100 ## - MAIN ENTRY--PERSONAL NAME
Personal name Kaviyarasi, R.
245 ## - TITLE STATEMENT
Title Problem Solving Techniques/
Statement of responsibility, etc by R.Kaviyarasi [and] M. Neelamegan
260 ## - PUBLICATION, DISTRIBUTION, ETC. (IMPRINT)
Place of publication, distribution, etc Tamil Nadu
Name of publisher, distributor, etc Shanlax publications
Date of publication, distribution, etc 2019
270 ## - ADDRESS
Address 61, 66 T.P.K. Main Road, Vasantha Nagar,
City Madurai, Tamil Nadu
Postal code 625003
300 ## - PHYSICAL DESCRIPTION
Extent 160p.
Dimensions 22cm(pb)
700 ## - ADDED ENTRY--PERSONAL NAME
Personal name Neelamegan, M.
Relator term Author
9 (RLIN) 75037
942 ## - ADDED ENTRY ELEMENTS (KOHA)
Source of classification or shelving scheme Dewey Decimal Classification
Item type English Books
Classification part 361.1
Call number suffix KAV
Holdings
Withdrawn status Lost status Not for loan Collection code Home library Current library Date acquired Source of acquisition Cost, normal purchase price Full call number Barcode Copy number Cost, replacement price Koha item type
      Non-fiction Ashok Vihar Ashok Vihar 12/12/2024 Delivery of Books Division 225.00 361.1 KAV EN-126573 1 225.00 English Books

© Delhi Public Library
Hit Counter
free hit counter